<?xml version="1.0" encoding="UTF-8"?>
<record
    xmlns:xsi="http://www.w3.org/2001/XMLSchema-instance"
    xsi:schemaLocation="http://www.loc.gov/MARC21/slim http://www.loc.gov/standards/marcxml/schema/MARC21slim.xsd"
    xmlns="http://www.loc.gov/MARC21/slim">

  <leader>01368nam a22002777a 4500</leader>
  <controlfield tag="005">20170124102922.0</controlfield>
  <datafield tag="010" ind1=" " ind2=" ">
    <subfield code="a">B-198947</subfield>
  </datafield>
  <datafield tag="020" ind1=" " ind2=" ">
    <subfield code="c">275.00</subfield>
  </datafield>
  <datafield tag="035" ind1=" " ind2=" ">
    <subfield code="a">B-198947</subfield>
  </datafield>
  <datafield tag="037" ind1=" " ind2=" ">
    <subfield code="b">Cen Lib / Ret</subfield>
  </datafield>
  <datafield tag="040" ind1=" " ind2=" ">
    <subfield code="a">DPL</subfield>
    <subfield code="b">HN</subfield>
  </datafield>
  <datafield tag="082" ind1=" " ind2=" ">
    <subfield code="a">423</subfield>
  </datafield>
  <datafield tag="100" ind1=" " ind2=" ">
    <subfield code="a">&#x905;&#x92E;&#x930;</subfield>
    <subfield code="9">9680</subfield>
  </datafield>
  <datafield tag="245" ind1=" " ind2=" ">
    <subfield code="a">&#x92E;&#x93E;&#x928;&#x915; &#x939;&#x93F;&#x902;&#x926;&#x940;- &#x939;&#x93F;&#x902;&#x926;&#x940; &#x936;&#x92C;&#x94D;&#x926;&#x915;&#x94B;&#x937; /</subfield>
    <subfield code="c">&#x905;&#x92E;&#x930;, &#x938;&#x902;&#x915;&#x932;&#x928;&#x915;&#x930;&#x94D;&#x924;&#x93E; &#x915;&#x943;&#x937;&#x94D;&#x923; &#x915;&#x93E;&#x902;&#x924; &#x926;&#x940;&#x915;&#x94D;&#x937;&#x93F;&#x924; &#x90F;&#x935;&#x902; &#x938;&#x942;&#x930;&#x94D;&#x92F;&#x928;&#x93E;&#x930;&#x93E;&#x92F;&#x923; &#x909;&#x92A;&#x93E;&#x927;&#x94D;&#x92F;&#x93E;&#x92F;</subfield>
  </datafield>
  <datafield tag="246" ind1=" " ind2=" ">
    <subfield code="a">Manak hindi- hindi shabadkosh</subfield>
    <subfield code="b">by Amar,Compiled, Krishan Kant Dikxit and Suryanarayan</subfield>
  </datafield>
  <datafield tag="260" ind1=" " ind2=" ">
    <subfield code="a">&#x928;&#x908; &#x926;&#x93F;&#x932;&#x94D;&#x932;&#x940;</subfield>
    <subfield code="b">&#x915;&#x92E;&#x932; &#x92A;&#x94D;&#x930;&#x915;&#x93E;&#x936;&#x928;</subfield>
    <subfield code="c">00?</subfield>
  </datafield>
  <datafield tag="270" ind1=" " ind2=" ">
    <subfield code="a"> 922, &#x915;&#x942;&#x91A;&#x93E; &#x930;&#x94B;&#x939;&#x93F;&#x932;&#x94D;&#x932;&#x93E; &#x916;&#x93E;&#x928;,&#x924;&#x93F;&#x930;&#x93E;&#x939;&#x93E; &#x92C;&#x948;&#x930;&#x92E; &#x916;&#x93E;&#x928; &#x926;&#x930;&#x93F;&#x92F;&#x93E; &#x917;&#x902;&#x91C;</subfield>
    <subfield code="b">&#x928;&#x908; &#x926;&#x93F;&#x932;&#x94D;&#x932;&#x940;</subfield>
    <subfield code="e">110002</subfield>
  </datafield>
  <datafield tag="300" ind1=" " ind2=" ">
    <subfield code="a">1280p.</subfield>
    <subfield code="c">20&#x938;&#x947;&#x92E;&#x940; &#x938;&#x91C;&#x93F;&#x932;&#x94D;&#x926;)</subfield>
  </datafield>
  <datafield tag="650" ind1=" " ind2=" ">
    <subfield code="a">&#x939;&#x93F;&#x902;&#x926;&#x940; &#x92D;&#x93E;&#x937;&#x93E;- &#x936;&#x92C;&#x94D;&#x926;&#x93E;&#x935;&#x932;&#x940;</subfield>
    <subfield code="9">9681</subfield>
  </datafield>
  <datafield tag="650" ind1=" " ind2=" ">
    <subfield code="a">&#x939;&#x93F;&#x902;&#x926;&#x940; &#x936;&#x92C;&#x94D;&#x926;&#x915;&#x94B;&#x937;</subfield>
    <subfield code="9">9682</subfield>
  </datafield>
  <datafield tag="650" ind1=" " ind2=" ">
    <subfield code="a">Hindi language-vocabulary</subfield>
    <subfield code="9">9683</subfield>
  </datafield>
  <datafield tag="650" ind1=" " ind2=" ">
    <subfield code="a">Hindi dictionary</subfield>
    <subfield code="9">9684</subfield>
  </datafield>
  <datafield tag="700" ind1=" " ind2=" ">
    <subfield code="a">&#x926;&#x940;&#x915;&#x94D;&#x937;&#x93F;&#x924; ,&#x915;&#x943;&#x937;&#x94D;&#x923; &#x915;&#x93E;&#x902;&#x924;</subfield>
    <subfield code="9">8559</subfield>
  </datafield>
  <datafield tag="700" ind1=" " ind2=" ">
    <subfield code="a">&#x909;&#x92A;&#x93E;&#x927;&#x94D;&#x92F;&#x93E;&#x92F;,&#x938;&#x942;&#x930;&#x94D;&#x92F;&#x928;&#x93E;&#x930;&#x93E;&#x92F;&#x923;</subfield>
    <subfield code="9">8560</subfield>
  </datafield>
  <datafield tag="942" ind1=" " ind2=" ">
    <subfield code="2">ddc</subfield>
    <subfield code="c">HN</subfield>
    <subfield code="h">430</subfield>
    <subfield code="m">&#x905;&#x92E;&#x930;</subfield>
  </datafield>
  <datafield tag="999" ind1=" " ind2=" ">
    <subfield code="c">111334</subfield>
    <subfield code="d">111334</subfield>
  </datafield>
  <datafield tag="952" ind1=" " ind2=" ">
    <subfield code="0">0</subfield>
    <subfield code="1">0</subfield>
    <subfield code="4">0</subfield>
    <subfield code="7">1</subfield>
    <subfield code="8">REF</subfield>
    <subfield code="a">L</subfield>
    <subfield code="b">L</subfield>
    <subfield code="d">2015-05-25</subfield>
    <subfield code="e">Cen Lib/Ret</subfield>
    <subfield code="g">275.00</subfield>
    <subfield code="l">0</subfield>
    <subfield code="o">423 &#x905;&#x92E;&#x930;</subfield>
    <subfield code="p">B-198947</subfield>
    <subfield code="r">2015-05-25 00:00:00</subfield>
    <subfield code="t">1</subfield>
    <subfield code="v">275.00</subfield>
    <subfield code="w">2015-05-25</subfield>
    <subfield code="y">HN</subfield>
  </datafield>
</record>
